00345nam a22001457a 4500003000400000005001700004008004100021020001800062040000700080082001400087100001900101245004600120260002500166300000800191OSt20211013133703.0211013b |||||||| |||| 00| 0 eng d a9780742557970 chu a303.48251 ad, e, mungello athe great encounter of china and the west anew yewkbhallc2009 a167